| 000 | 00407nam a2200157Ia 4500 | ||
|---|---|---|---|
| 003 | OSt | ||
| 005 | 20230606102129.0 | ||
| 008 | 211028s2010 xx 000 0 und d | ||
| 040 | _cAIMIT LIBRARY | ||
| 041 | _aeng | ||
| 100 |
_aUnais, Ahmed; Rao, Rohini. _98218 _e081902 |
||
| 110 |
_aRohini Rao _98219 |
||
| 245 | _aElectronic document management system. | ||
| 260 |
_aMangalore _c2010 |
||
| 942 |
_2ddc _cPRO |
||
| 999 |
_c219778 _d219778 |
||